[Event "Brownsville UT RGV GM 3rd"]
[Site "Brownsville"]
[Date "2017.03.17"]
[Round "6"]
[White "Kambrath, Yannick"]
[Black "Ynojosa Aponte, Felix Jose"]
[Result "1/2-1/2"]
[WhiteElo "2353"]
[BlackElo "2378"]
[Annotator "Kambrath,Y"]
[PlyCount "87"]
[EventDate "2017.03.13"]
[EventType "tourn"]
[EventRounds "9"]
[EventCountry "USA"]
[SourceTitle "CBM 179"]
[Source "ChessBase"]
[SourceDate "2017.07.12"]
[SourceVersion "1"]
[SourceVersionDate "2017.07.12"]
[SourceQuality "1"]

1. c4 c5 2. Nf3 Nf6 3. Nc3 d6 4. e3 e5 {This move is unusual.} (4... g6 {
is more often played} 5. d4 Bg7 6. Be2 O-O 7. O-O Nc6) 5. d4 Nc6 6. d5 Ne7 7.
e4 g6 {[%cal Yf6d7,Yf8g7,Yf7f5,Ye8g8] Black is going to play like a King's
Indian} 8. h3 {Planning g4. This move is to prevent Black from any counterplay
with ...f5.} (8. Bd3 Bg7 9. h3 a6 10. Be3 Bd7 11. a4 O-O 12. g4 Ne8 13. a5 f5
14. g5 b5 15. axb6 Qxb6 16. Bc1 Qb7 17. h4 fxe4 18. Bxe4 Bg4 19. Qd3 Qd7 20.
Nh2 Bf5 21. f3 Bh3 22. Nf1 Bxf1 23. Kxf1 Nf5 24. Kg2 Qf7 25. Ne2 Bh8 26. h5
gxh5 27. Bxf5 Qxf5 28. Qxf5 Rxf5 29. Ng3 Rf7 30. Nxh5 Nc7 31. Ng3 e4 32. Nxe4
Be5 33. Rh4 Raf8 34. Ra3 Ne8 35. Rh6 Rg7 {1-0 (35) Karpov,A (2710)-Grandmougin,
O (2130) Besancon 1999}) 8... Bg7 9. g4 O-O 10. Bd3 Ne8 11. Rg1 Kh8 12. Bd2 h6
13. Qe2 {White has more space. His king can either stay in the centre or
castle queenside. He can choose between playing on the queenside, against
Black's dark-squared bishop or go for Black's king.} a6 14. O-O-O Bd7 {[%cal
Ya8b8,Ye8c7,Yb7b5]} 15. h4 (15. Kb1 Rb8 16. a4 Nc7 17. h4 b5 $40) 15... Nc7 16.
h5 $5 {White is preparing a piece sacrifce after this move.} g5 17. Nxg5 $1
hxg5 18. Bxg5 $16 f6 (18... Kh7 19. Be3 b5 20. g5 bxc4 21. Bxc4 Nb5 {[%cal
Yb5d4]} 22. g6+ {and Black has to give back his extra piece:} Nxg6 23. hxg6+
fxg6 24. Rxg6 $1 Kxg6 25. Rg1+ Kh7 26. Qh5+ Kg8 27. Rxg7+ $1 Kxg7 28. Bh6+ Kh7
29. Bg5+ Kg8 30. Qg6+ Kh8 31. Bxd8 Raxd8 $18) 19. Bd2 Ng8 $6 (19... Rg8 $5 20.
f4 exf4 21. Bxf4 b5 22. e5 $1 {[%cal Yd3h7] White's bishop finally joins the
attack} dxe5 (22... fxe5 23. Qe4 Nf5 24. gxf5 $18) 23. d6 Ne6 24. Bd2 Nc6 25.
Qe4 Nf8 26. h6 $18) 20. h6 Bxh6 21. g5 $2 (21. Rh1 $1 $18 Kg7 22. f4 exf4 23.
e5 $1 {This is the key move} fxe5 $2 (23... dxe5 24. g5 fxg5 25. Qxe5+ Nf6 (
25... Rf6 26. Ne4 Ne8 27. Bc3 Kf8 28. Nxg5 Bxg5 29. Qxg5 Rf5 30. Qg4 $40 {
[%csl Ya8,Yc3,Yd3,Yf8,Yg4][%cal Yh1h8,Yd1g1]}) 26. Rdg1 {and Black has no hope}
Re8 27. Qxf4 $18) 24. g5 Bxg5 25. Rh7+ Kf6 26. Ne4+) 21... fxg5 22. Rxg5 $6 (
22. Qh5 Qe8 23. Rxg5 Qxh5 24. Rxh5 Rf6 25. Rg1 Kh7 (25... b5 26. f4 Be8 27. Rh2
exf4 $2 28. e5 $1 dxe5 29. Ne4 Rg6 30. Ng5 Rd6 31. Bc3 $18) 26. f4 Rg6 27. Rgh1
Kg7 28. fxe5 dxe5 $15) 22... Qxg5 $2 (22... Bxg5 23. Qh5+ Bh6 24. Bxh6 Nf6 25.
Qh1 (25. Bg7+ Kxg7 26. Rg1+ Ng4 $19) 25... Nh7 $17) 23. Bxg5 Bxg5+ $15 24. Kb1
Bh6 25. Rg1 Rf6 26. Nd1 Raf8 27. Ne3 Ne8 (27... Rxf2 28. Qh5 R2f6 $17) 28. Nf5
Bxf5 29. exf5 Ng7 30. Rh1 Nxf5 31. Qg4 Nge7 32. f4 $2 exf4 (32... Rg6 $1 33.
Qf3 exf4 34. Qxf4 Rg1+ $19) 33. Qxf4 Kg8 34. Qe4 Bg7 35. Rg1 Rh6 36. a3 Rh2 37.
Qe6+ Kh8 38. Rf1 Rh5 39. Qd7 b6 (39... b5 40. cxb5 axb5 41. Qxb5 Rh2 42. Be2
Rg8 $19 {[%cal Yg7e5,Yg8g2,Yh2b2]}) 40. Qb7 Rh3 41. Be4 Rh4 42. Bd3 Rh3 43. Be4
Rh4 (43... b5 $1 44. cxb5 axb5 45. Qxb5 Rh2 $17 {Black will have a decisive
attack on b2.}) 44. Bd3 1/2-1/2

[Event "Hoogovens"]
[Site "Wijk aan Zee"]
[Date "1998.01.27"]
[Round "10"]
[White "Kramnik, Vladimir"]
[Black "Topalov, Veselin"]
[Result "1/2-1/2"]
[WhiteElo "2790"]
[BlackElo "2740"]
[Annotator "Khalifman,A"]
[PlyCount "49"]
[EventDate "1998.01.16"]
[EventType "tourn"]
[EventRounds "13"]
[EventCountry "NED"]
[EventCategory "17"]
[SourceTitle "CBM 063"]
[Source "ChessBase"]
[SourceDate "1998.03.26"]
[SourceVersion "1"]
[SourceVersionDate "1998.03.26"]
[SourceQuality "1"]

{Auch diese Partie ist von Kramnik kaum gespielt. Es ist erstaunlich, daß er
sich mit Remis begnügt.} 1. Nf3 Nf6 2. c4 c5 3. Nc3 d5 4. cxd5 Nxd5 5. d4 Nxc3
6. bxc3 g6 7. e3 Bg7 8. Bd3 O-O 9. O-O Qc7 10. Qe2 Rd8 11. Rd1 b6 12. Bb2 Nc6
13. Rac1 Bb7 14. e4 e6 15. h4 (15. Qe3 Rac8 16. h4 h6 17. Be2 Qe7 18. h5 g5 19.
Ba3 Bf8 20. dxc5 Qf6 21. e5 Qf4 22. Qxf4 gxf4 {Portisch,L-Kasparov,G/Madrid
rapid 1988/EXT 88/1/2-1/2 (69)}) 15... Rac8 16. h5 Qf4 17. hxg6 hxg6 18. Bb1
Na5 19. Re1 Qg4 20. Rcd1 cxd4 21. cxd4 Nc4 22. Bc1 b5 23. g3 Re8 24. Kg2 f5 25.
Ng5 1/2-1/2

[Event "Far East Bank op"]
[Site "Manila"]
[Date "1990.06.04"]
[Round "7"]
[White "Djuric, Stefan"]
[Black "Anand, Viswanathan"]
[Result "1/2-1/2"]
[WhiteElo "2495"]
[BlackElo "2555"]
[Annotator "Knaak,R"]
[PlyCount "80"]
[EventDate "1990.05.28"]
[EventType "swiss"]
[EventRounds "11"]
[EventCountry "PHI"]
[SourceTitle "EXT 2009"]
[Source "ChessBase"]
[SourceDate "2008.11.26"]
[SourceVersion "1"]
[SourceVersionDate "2008.11.26"]
[SourceQuality "1"]

1. Nf3 c5 2. c4 Nc6 3. e3 Nf6 4. Nc3 d5 5. cxd5 Nxd5 6. Bb5 Nxc3 7. bxc3 Bd7 8.
O-O a6 9. Bxc6 Bxc6 10. d4 e6 11. Ne5 Qc7 12. Qg4 h5 13. Qe2 Ba4 14. c4 O-O-O
15. Rb1 Bd6 16. f4 Bxe5 17. fxe5 cxd4 18. exd4 Rxd4 19. Ba3 f5 20. Bd6 Rxd6 21.
exd6 Qxd6 22. Rfe1 Rh6 23. Qb2 Qd7 24. Re2 Bc6 25. Rd2 Qc7 26. Rbd1 Rf6 27. Qd4
Kb8 28. Qe3 (28. Qc5 b6 29. Rb1 Ka7 30. Rd7 $3) 28... Rf8 29. Rd6 Re8 30. Qe5
Ka8 31. Qd4 Bd5 32. Qe5 Bc6 33. h4 Qb6+ 34. c5 Qa5 35. Rxe6 Rxe6 36. Qxe6 Qxc5+
37. Kh2 Qf2 38. Qg8+ Ka7 39. Qxg7 Qxh4+ 40. Kg1 Qg4 1/2-1/2

[Event "POL-ch 58th"]
[Site "Warsaw"]
[Date "2001.03.20"]
[Round "3"]
[White "Krasenkow, Michal"]
[Black "Bartel, Mateusz"]
[Result "1-0"]
[WhiteElo "2658"]
[BlackElo "2392"]
[Annotator "Kortschnoj,V"]
[PlyCount "51"]
[EventDate "2001.03.18"]
[EventType "tourn"]
[EventRounds "13"]
[EventCountry "POL"]
[EventCategory "11"]
[SourceTitle "CBM 082"]
[Source "ChessBase"]
[SourceDate "2001.05.17"]
[SourceVersion "1"]
[SourceVersionDate "2001.05.17"]
[SourceQuality "1"]

1. Nf3 {Ribli} Nf6 2. c4 c5 3. Nc3 Nc6 4. e4 e6 (4... e5 $5 {Ribli Weiß hat in
dieser symmetrischen Stellung zwar ein Tempo mehr, dennoch aber befndet sich
Schwarz m.E. nahe am Ausgleich.}) 5. g3 $5 {It is a rather new move in this
position. Earlier white applied 5.d4 or 5.Be2. Ribli: 'Das ist der
Lieblingszug von GM Krasenkow.'} (5. d4 {Ribli} cxd4 6. Nxd4 Bb4 $11 {Auf
diese Weise erreichen wir eine Stellung der Sizilianischen Verteidigung.(Die
übliche Zugfolge ist: 1.e4 c5 2.Nf3 e6 3.d4 cxd4 4.Nxd4 Nc6 5.c4 Nf6 6.Nc3 Bb4.
)}) (5. Be2 {Ribli Das ist die Hauptfortsetzung.}) 5... d5 (5... Be7 {Ribli} 6.
Bg2 O-O 7. O-O d6 8. d4 cxd4 9. Nxd4 $14) 6. e5 Ne4 {Black had at least two
other interesting moves:} (6... d4 7. exf6 dxc3 8. bxc3 Qxf6 (8... gxf6 {Ribli}
9. d4 cxd4 10. cxd4 Bb4+ 11. Bd2 Bxd2+ 12. Qxd2 e5 13. d5 Bg4 14. Nh4 Nd4 15.
Bg2 Be2 16. Rc1 b6 17. f4 Rc8 {0-1 Verduga,D-Bouaziz,S/Buenos Aires 1978/EXT
2000 (45)}) 9. Bg2 e5 10. O-O Be7 11. d4 exd4 12. Bg5 Qd6 13. Bxe7 Nxe7 14.
cxd4 O-O $14) (6... Ng4 7. Qe2 ({or the adventurous} 7. cxd5 exd5 8. Bb5 {
applied by Krasenkow against Ftacnik (1999)} Bd7 (8... d4 {Ribli} 9. Bxc6+ bxc6
10. Ne4) 9. Bxc6 Bxc6 10. d4 h5 11. O-O Be7 12. h3 Nh6 13. e6 fxe6 14. Qe2 Nf5
15. Qxe6 Nxd4 16. Nxd4 cxd4 17. Re1 Kf8 18. Ne2 $44 {1-0 Krasenkow,M-Ftacnik,L/
Germany 1999/GER-chT (35)}) 7... d4 8. h3 Nxf2 (8... Nh6 {Ribli} 9. Ne4 Qc7 10.
d3 Nxe5 11. Nxe5 Qxe5 12. Bf4 Qf5 13. Bd6 Ng8 14. Bg2 $44 {1-0 Contin,
D-Glavina Rossi,P/Buenos Aires 1989/EXT 2000 (32)}) 9. Kxf2 dxc3 10. bxc3 Be7
$13) 7. Bg2 {7.Qe2 looks solid as well.} (7. cxd5 {Ribli} exd5 8. d3 Nxc3 9.
bxc3 Bg4 10. Be2 Be7 11. Bf4 Qa5 12. Qb3 Bxf3 13. Bxf3 Nd4 14. Qxb7 Qxc3+ 15.
Kf1 Qxd3+ 16. Kg2 Qxf3+ 17. Kh3 Rd8 18. Qxa7 Ne6 19. Qa4+ Kf8 20. Bd2 d4 21.
Rhb1 g5 {0-1 Sulc,G-Saric,A/Pula 1999/EXT 2001 (21)}) 7... f5 $2 {'!?' Ribli.
This move is certainly not good and will be refuted by white in an exemplary
manner. It is interesting to check what would happen after 7...Nc3 8.dc dc.
Ribli: 'Dieser Zug ist recht optimistisch - Schwarz festigt die Stellung des
Ne4, geht damit aber auch das Risiko eines geschwächten Königsflügels ein.'} (
7... Nxc3 {Ribli} 8. dxc3 dxc4 9. Qa4 $44) (7... Be7 {Ribli Diese ruhige
Fortsetzung eröffnet Schwarz meiner Meinung nach gute Ausgleichschancen.} 8.
O-O O-O 9. Qe2 Nxc3 10. dxc3 b6 {[%cal Gc8a6,Ga6e2]} 11. cxd5 exd5 $11 (11...
Qxd5 $2 {Ribli} 12. Nd4 $18 (12. Rd1 {Ribli} Ba6 13. Qe1 Qc4 14. Nd2 $18))) 8.
cxd5 exd5 9. d3 Nxc3 10. bxc3 Be7 (10... d4 {Ribli} 11. cxd4 Nxd4 (11... cxd4 {
Ribli} 12. O-O $14) 12. Rb1 $36) 11. h4 {'~~!' Ribli. This move fully responds
to an energetic style of Krasenkow. 11.d4 or 0-0 was also not bad. Ribli:
'Weiß bereitet Ng5 vor.'} (11. O-O {Ribli} Be6) 11... Be6 {'?!' Ribli. 11...
d4!?} (11... h6 $142 {Ribli}) 12. Ng5 Qd7 (12... Bxg5 {Ribli} 13. Bxg5 (13.
hxg5 {Ribli} Qa5 14. Bd2 Qa6 $13) 13... Qd7 $11 (13... Qa5 {Ribli} 14. Bd2 O-O)
) 13. Bf4 O-O-O (13... O-O {Ribli} 14. Nxe6 Qxe6 15. c4 dxc4 16. dxc4 Kh8 17.
Bd5 $14) 14. Rb1 {'!' Ribli.} Bxg5 {Black's position is bad.} (14... h6 15.
Nxe6 Qxe6 16. Qb3 (16. d4 {Ribli} g5 (16... cxd4 {Ribli} 17. cxd4 g5 18. Qb3
Bb4+ 19. Bd2 Bxd2+ 20. Kxd2 Rd7 21. Rhc1 $16 {[%csl Rc8]}) 17. hxg5 hxg5 (17...
cxd4 {Ribli} 18. Qb3 $16) 18. Rxh8 Rxh8 19. c4 $36) 16... Rd7 17. c4 {(Nd4 18.
cd) was hardly stronger...}) 15. hxg5 {'+/=' Ribli. Ribli: 'Weiß hat
Raumvorteil und Angriffschancen auf der halb-offenen b-Linie.'} c4 {'?' Ribli.
Ribli: 'Dieser Zug hilft nur dem Gegner - Weiß kann nun die Diagonale h1-a8
öffnen.'} (15... d4 {Ribli} 16. c4 $14 {[%cal Gb1b7,Gg2b7]}) (15... Rde8 {Ribli
} 16. d4 c4 $14 {Ähnliche Stellungen kennt man aus der Französischen
Verteidigung.}) 16. dxc4 dxc4 17. Qd6 $1 Qe8 (17... Qxd6 {Ribli} 18. exd6 {
[%csl Gd6,Gf4] Der weiße Pd6 ist dank der Unterstützung durch den Bf4 sehr
stark.}) 18. Qc5 Rd3 19. O-O {'+/-' Ribli. Ribli: 'Nach diesem Zug befindet
sich Schwarz in großer Not - es droht das sofortige Turmopfer auf b7, mit
Gewinn.'} Qd7 (19... Rxc3 {Ribli} 20. Rxb7 $1 Kxb7 21. Rb1+ Rb3 (21... Kc7 {
Ribli} 22. Qd6+ Kc8 23. Bxc6 $18) 22. axb3 c3 23. Rd1 $18) 20. Bxc6 Qxc6 21.
Qxa7 {Ribli: 'Weiß hat einen Bauern mehr und - das ist noch wichtiger -
starken Angriff am Königsflügel.'} Kc7 22. Be3 {Ribli: 'Diese Stellung ist ein
weiterer Beitrag zum Thema "ungleichfarbige Läufer" - man möchte meinen dass
die Anwesenheit ungleichfarbiger Läufer dem Verteidiger Remischancen eröffnet.
In einem Läuferendspiel ist das gewöhnlich richtig, aber im Mittelspiel, wenn
noch Damen und Türme auf dem Brett sind, kommen ungleichfarbige Läufer dem
Angreifer zugute. In unserer konkrten Stellung kann Schwarz die Drohungen auf
den schwarzen Feldern nicht parieren.'} Qa6 23. Qc5+ Qc6 24. Qa5+ Kb8 25. Qa7+
Kc7 26. Rb6 1-0

[Event "Skelleftea m"]
[Site "Skelleftea"]
[Date "2001.04.11"]
[Round "2"]
[White "Andersson, Ulf"]
[Black "Hansen, Curt"]
[Result "1/2-1/2"]
[WhiteElo "2640"]
[BlackElo "2619"]
[Annotator "Kostakiev,D"]
[PlyCount "47"]
[EventDate "2001.04.10"]
[EventType "match"]
[EventRounds "6"]
[EventCountry "SWE"]
[SourceTitle "CBM 083"]
[Source "ChessBase"]
[SourceDate "2001.07.05"]
[SourceVersion "1"]
[SourceVersionDate "2001.07.05"]
[SourceQuality "1"]

1. Nf3 c5 2. c4 Nc6 3. Nc3 Nf6 4. g3 d5 5. cxd5 Nxd5 6. Bg2 Nc7 7. Qa4 {
A lovely line for Andersson, whose reputation is as bullet-proof chessman.
Actualy according to the statistic (on the base of the avilable 155 games),
Black has bigest chances to make a draw 55%, to win 16% and to lose 29%.} Bd7 (
{The first known game with 7.Qa4 saw} 7... f6 8. O-O e5 9. e3 {1-0 Pleci,
I-Ojanen,K/Stockholm 1937/EXT 2000 (30)}) (7... Qd7 8. d3 e5 9. O-O {1-0
Matulovic,M-Janosevic,D/Ljubljana 1960/MCD (40)}) 8. Qe4 g6 $1 (8... Ne6 $6 9.
e3 (9. Ne5 Nxe5 10. Qxe5 {0-1 Cherepkov,A-Liublinsky,V/Moscow 1949/MCD (40)})
9... g6 {Sherbakov,R-Yudasin,L Moscow Alekhine op 1992 CBM/33 (14)}) (8... e6
9. O-O Be7 10. d4 cxd4 (10... O-O 11. Be3 cxd4 12. Nxd4 {1/2-1/2 Emma,
J-Redolfi,A/Mar del Plata 1959/MCL (16)}) 11. Nxd4 O-O 12. Rd1 Qc8 {1-0
Kortschnoj,V-Flohr,S/Kiev 1954/URS-ch (30)}) 9. Ne5 Bg7 10. Nxd7 Qxd7 {[^^ >
NB(?)]} 11. O-O (11. a3 O-O 12. Rb1 {Wojtkiewicz,A-Smejkal,J Polanica Zdroj
1991 CBM/26 (15)}) 11... Rc8 (11... O-O 12. a3 {Andersson,U-Chandler,M
Reykjavik WCup 1991 CBM/26 52/53 (16)}) 12. d3 (12. a3 O-O (12... Ne6 13. b4 b6
14. Rb1 {1-0 Kasparov,G-Kapengut,A/Minsk 1978/EXT 2001 (44). (43)}) 13. Rb1 {
1/2-1/2 Hessenbruch,A-Gruenberg,R/Germany 1986/GER-chT (15)}) 12... O-O 13. Be3
(13. Rb1 Ne6 {1/2-1/2 Sherbakov,R-Sokolov,A/St Petersburg 1993/CBM 34/[Ribli] 
(26)} (13... Rfd8 $5)) 13... Ne6 14. Rab1 (14. Rfc1 Ned4 15. Qd5 Qxd5 {1/2-1/2
Beim,V-Alterman,B/Rishon Le Ziyyon 1994/CBM 45 (18)}) 14... Ned4 15. Qd5 Qxd5
16. Bxd5 Rfd8 17. Bg2 b6 18. Rfc1 e6 19. Kf1 h6 20. Bd2 {Well known position
for Andersson. More than draw White could not expect.} Nb4 $146 (20... Kf8 21.
Be1 Nb4 22. Rd1 {1/2-1/2 Andersson,U-Franco Ocampos,Z/San Sebastian 1994/TD 
(53). (53)}) 21. Be1 Nbc2 22. Bd2 Nb4 23. Be1 Nbc2 24. Bd2 1/2-1/2

[Event "Amsterdam VSB"]
[Site "Amsterdam"]
[Date "1993.??.??"]
[Round "1"]
[White "Kramnik, Vladimir"]
[Black "Short, Nigel D"]
[Result "1-0"]
[WhiteElo "2685"]
[BlackElo "2655"]
[Annotator "Kramnik,V"]
[PlyCount "101"]
[EventDate "1993.05.??"]
[EventType "tourn"]
[EventRounds "6"]
[EventCountry "NED"]
[EventCategory "17"]
[SourceTitle "CBM 035"]
[Source "ChessBase"]
[SourceDate "1993.08.01"]
[SourceVersion "1"]
[SourceVersionDate "1993.08.01"]
[SourceQuality "1"]

1. Nf3 {Stohl} Nf6 2. c4 g6 3. Nc3 d5 4. cxd5 Nxd5 5. g3 (5. Qa4+) (5. h4 $5
$13 {Stohl}) 5... Bg7 6. Bg2 O-O 7. O-O c5 8. Qa4 $5 Nb6 (8... Nc6 9. Qc4 $1 (
9. Qb5 {Stohl} Qb6 $1 10. Qxb6 Nxb6 11. d3 c4 12. dxc4 Nxc4 13. Nd2 Be6 14.
Nxc4 Bxc4 15. Be3 Rfd8 16. Rfc1 Rac8 17. Rab1 Bxc3 18. bxc3 b6 $10 {Ljubojevic,
L-Ivanchuk,V/Monaco blind/1993/}) 9... Nxc3 10. dxc3 $14) 9. Qh4 e6 (9... Nc6
$6 10. d3 {/\ Bh6}) 10. Qxd8 Rxd8 11. d3 h6 $2 (11... Nc6 12. Ne4 Na4 (12... c4
{Stohl} 13. Bg5 $36) 13. Bg5 f5 $1 $13) (11... Nd5 $1 12. Bg5 f6 13. Bd2 Nc6 $1
{/\ b6,Bb7} (13... b6 $2 14. d4 $16)) (11... Nd5 $142 $5 $14 {Stohl /\b6}) 12.
Be3 Na6 13. Rac1 $1 (13. Rfc1 Nd5 14. Nxd5 exd5 $10 15. d4 $140 $2 Bg4) 13...
Bd7 $6 (13... Nd5 14. Nxd5 exd5 15. Bxc5 Nxc5 (15... Bxb2 16. Rb1 Bf6 17. Bd4
$16) 16. Rxc5 Bxb2 17. Rb1 Bg7 18. Nd2 $16) (13... c4 $1 14. d4 $5 {/\ Ne5|^} (
14. Bxb6 axb6 15. dxc4 Nc5 $132)) 14. Nd2 Rab8 15. Nb3 (15. Nde4 $6 c4 $1 16.
Bxb6 (16. dxc4 Nxc4 17. Bxa7 Ra8 18. b3 Rxa7 19. bxc4 Nb4 $10) 16... axb6 17.
dxc4 Bc6 $14) 15... Rdc8 16. Na5 Bc6 (16... Rc7 17. Bf4 e5 18. Be3 $16 f5 19.
b3 {/\ a4, Nb5+/-}) 17. Nxc6 (17. Bxc6 $142 $5 {Stohl} bxc6 18. b3 Nd5 19. Ne4
$16) 17... bxc6 18. b3 $2 (18. Bf4 $1 e5 19. Be3 f5 (19... c4 20. Bxb6 Rxb6 21.
Na4 Rb4 22. Rxc4 $18) 20. b3 $16) 18... Nd5 19. Bd2 Nab4 20. Na4 (20. Ne4 Nxa2
21. Rc2 Nab4 22. Rxc5 f5 $1 23. Nd6 Bf8 $1 24. Nxc8 Bxc5) 20... Nxa2 21. Rc2 $1
Ndb4 $1 (21... Nab4 22. Rxc5 Nb6 23. Ra5 $16) 22. Rxc5 Rb5 23. Rc4 Nd5 24. Rb1
a5 (24... Nab4 $2 {Stohl} 25. e4 $18) 25. d4 (25. Bf3 {/\ Kg2}) 25... Rcb8 26.
e4 (26. Nc5) 26... Ne7 27. Ra1 Nb4 28. Nc3 Nc2 $2 (28... R5b7 $1 29. Rxa5 Nd3
$1 $10 (29... Nc2 $2 30. Ne2 $18) 30. Na4 $5 Rxb3 31. Ra7 $36) 29. Ra2 Nxd4 (
29... Nb4 {Stohl} 30. Ra4 R5b7 {-28...R5b7} 31. Bf1 $5 Rd7 $132) 30. Nxb5 cxb5
31. Rc7 Nec6 32. f4 $1 (32. Bxa5 $2 {Stohl} Ra8 $15) 32... e5 (32... a4 {Stohl}
33. bxa4 b4 34. e5 b3 35. Rb2 $18) 33. Be3 Rd8 (33... a4 {Stohl} 34. bxa4 b4
35. f5 $1 b3 36. Rb2 gxf5 37. exf5 Nxf5 (37... e4 38. Bxe4 Re8 39. Bxc6 Rxe3
40. Bd5 $1 Nf3+ 41. Kf2 $18) 38. Bxc6 Nxe3 39. Bb7 $18) 34. Bf1 $18 Rd6 35.
Bxd4 Nxd4 36. Rxa5 exf4 37. Ra8+ Kh7 38. Rxf7 fxg3 39. hxg3 (39. Raa7 $142 $5 {
Stohl}) 39... Rf6 40. Rxf6 Bxf6 41. b4 h5 (41... Nc2 {Stohl} 42. Ra7+ Kg8 43.
Rb7 $18) 42. Rb8 Be5 43. Rb7+ Kh6 44. Kg2 $1 Kg5 45. Bxb5 h4 46. gxh4+ Kxh4 47.
Be8 Kg5 48. Rb6 Bc7 49. Rxg6+ Kf4 50. b5 Kxe4 51. b6 1-0